|
|
|
|
| LEADER |
00000nab a2200000 a 4500 |
| 001 |
vtls009184828 |
| 003 |
SK-MaSNL |
| 005 |
20260304153056.0 |
| 008 |
250506c2008 xo |||||||||||000 b|slo |
| 015 |
|
|
|a SNBRB2008/02
|2 snkbucl
|
| 035 |
|
|
|a (uuid)693ad847-6790-446b-9829-22d08d4d4216
|
| 035 |
|
|
|a urn:nbn:sk:snk-abeta7
|
| 035 |
|
|
|a (urnnbn)urn:nbn:sk:snk:ar-0075rl
|
| 038 |
|
|
|a SNKBUCL
|
| 040 |
|
|
|a SNKBUCL
|b slo
|c SNKBUCL
|e AACR2
|
| 041 |
0 |
|
|a slo
|
| 044 |
|
|
|a xo
|c SK
|
| 080 |
|
|
|a 639.111.1
|x (436)
|2 1997
|
| 100 |
1 |
|
|a Hell, Pavel,
|d 1930-2009
|4 aut
|9 125123
|
| 245 |
1 |
0 |
|a Prehliadka zhodov
|c Pavel Hell, Dušan Krajniak
|
| 300 |
|
|
|b Fotogr.
|
| 648 |
|
7 |
|a 2007
|2 snkbucl
|9 313226
|
| 650 |
0 |
7 |
|a jelenia zver
|2 snkbucl
|9 2770
|
| 650 |
0 |
7 |
|a zhody parožia
|2 snkbucl
|9 1475915
|
| 650 |
0 |
7 |
|a prehliadky
|2 snkbucl
|9 866216
|
| 651 |
|
7 |
|a Rakúsko
|2 snkbucl
|9 18533
|
| 655 |
|
7 |
|a reportáže
|2 snkbucl
|9 28856
|
| 700 |
1 |
|
|a Krajniak, Dušan
|4 aut
|9 600839
|
| 773 |
0 |
|
|t Poľovníctvo a rybárstvo
|g Roč. 60, č. 2 (2008), s. 28-29
|x 0231-8768
|
| 850 |
|
|
|a Slovenská národná knižnica
|
| 852 |
|
|
|a Slovenská národná knižnica
|
| 954 |
|
|
|a odborná, vedecká literatúra pôvodná (slovenská)
|2 lita
|
| 958 |
|
|
|a article27
|
| 958 |
|
|
|a AT
|
| 958 |
|
|
|a OND
|
| 958 |
|
|
|a EUIPO
|
| 999 |
|
|
|c 2952373
|d 2954303
|